000 00505nam a2200181 4500
003 LK-CoMWRAF
005 20240217003812.0
008 231210b |||||||| |||| 00| 0 eng d
020 _a9556250158
040 _aLK-CoMWRAF
_dLK-CoMWRAF
_eLK-CoMWRAF
041 _atam
082 _a821
_bCUL
100 _aசுல்பிகா
245 _aஉயிர்த்தெழுதல்
260 _aColombo :
_bMuslim Women's Research and Action Forum - MWRAF,
_c2001
300 _a51 p.
942 _cBK
999 _c4331
_d4331